000 00542nam a2200193Ia 4500
999 _c11177
_d11177
003 OSt
005 20191226112809.0
008 190216s9999||||xx |||||||||||||| ||und||
020 _a9780199579525
040 _coclc
082 _a330.0151
_bREN/M
100 _aRenshaw, Geoff
_9759
245 0 _aMaths For Economics /
_cGeoff Renshaw
250 _a2nd ed.
260 _bOxford University Press,
_c2009.
_aNew Delhi:
300 _a638p
650 _aEconomics
942 _cBK
_2ddc
_h330.0151
_iREN/M
_k330.0151
_mREN/M